000 00383nam a2200145Ia 4500
005 20250402003316.0
008 240331s9999 xx 000 0 und d
082 _bVAC
_a894
100 _aVachchiravel, S
245 0 _aPennin perumai :
_borr aaivu
260 _aTharmapoori
_bVasantha selvi Pathippagam
_c1988
300 _a114 p .,
500 _aPengal patriya oru aayvu
942 _cL
999 _c4187
_d4187